Länder mit K ;) - Statistiken

Allgemein
  • Dieses Quiz wurde 2.371 mal gespielt
    2.350 seit der letzten Aktualisierung
  • Das Durchschnittsergebnis liegt bei 13 aus 17
Antwortstatistiken
Hint Antwort % Korrekt
3 Kanada
90%
5 Kasachstan
90%
10 Kolumbien
87%
8 Kirgisistan
86%
7 Kenia
84%
12 Kongo (Demokratische Republik)
81%
13 Kongo (Republik)
81%
2 Kamerun
80%
15 Kroatien
80%
1 Kambodscha
77%
11 Komoren
71%
16 Kuba
71%
9 Kiribati
70%
17 Kuwait
69%
4 Kap Verde
67%
6 Katar
66%
14 Kosovo
64%
Keine übereinstimmenden Quizze gefunden
Verteilung der Resultate
Anzahl Personen mit jedem Resultat
Perzentil nach korrekt beantworteten Fragen
Ihre Resultats-Entwicklung
Sie haben dieses Quiz seit der letzten Aktualisierung nicht gespielt